000 00559cab a2200193 4500
001 X911
008 090401t1993 xxu||||| |||| 00| 0 eng d
035 _a(Sirsi) u68205
041 _aeng
245 _aRICS introduces new rules on clients` money
260 _c1993
350 _a0
490 _aCSM (Chartered Surveyor Monthly)
_v2(10) July/August 1993, 14(1)
650 _aCHARTERED SURVEYORS RULEBOOK
650 _aRICS MEMBERS' ACCOUNTS RULES
690 _aMANAGEMENT-BUSINESS MANAGEMENT-PROFESSIONAL PRACTICE
942 _n0
948 _c04/03/1997
999 _c42770
_d42770